Fr. Conceicao Rodrigues College of Engineering

Database Management Systems (Record no. 35198)

MARC details
000 -LEADER
fixed length control field 00310nam a2200145Ia 4500
082 ## - DEWEY DECIMAL CLASSIFICATION NUMBER
Classification number 005.74/LEO
Item number LEO
100 ## - MAIN ENTRY--PERSONAL NAME
Personal name Leon/A/ Leon/M
245 ## - TITLE STATEMENT
Title Database Management Systems
260 ## - PUBLICATION, DISTRIBUTION, ETC.
Name of publisher, distributor, etc. Leon Vikas
Place of publication, distribution, etc. Mumbai
Date of publication, distribution, etc. 1999
300 ## - PHYSICAL DESCRIPTION
Extent 988
546 ## - LANGUAGE NOTE
Language note ENGLISH
650 ## - SUBJECT ADDED ENTRY--TOPICAL TERM
Topical term or geographic name entry element Database
942 ## - ADDED ENTRY ELEMENTS (KOHA)
Koha item type BOOK
Holdings
Withdrawn status Lost status Damaged status Not for loan Collection Home library Current library Date acquired Source of acquisition Cost, normal purchase price Inventory number Total Checkouts Full call number Barcode Date due Date last seen Date last checked out Cost, replacement price Price effective from Koha item type
        CRC Fr. Agnel's C.Rodrigues College of Engineering Fr. Agnel's C.Rodrigues College of Engineering 17/03/2023 Educational books and periodicals 525.00 111dt08/12/2008 1 005.74/LEO LEO 19151 15/09/2026 17/06/2026 17/06/2026 525.00   BOOK